000 00892nam a2200265 i 4500
001 bg
100 1 _aFUKUYAMA, Francis
245 1 0 _aZaufanie :
_bkapitał społeczny a droga do dobrobytu /
_cFrancis Fukuyama ; tł. z ang. Anna i Leszek Śliwa.
246 _iTyt. oryg.:
_aTrust : the social virtues and the creation of prosperity
260 _aWarszawa ;
_aWrocław :
_bWydaw. Naukowe PWN,
_c1997.
300 _a432 s. ;
_c22 cm.
500 _aTyt. oryg.: "Trust : the social virtues and the creation of prosperity" 1995.
504 _aBibliogr. s. 405-424.
650 9 _aEtyka społeczna
650 9 _aGospodarka
_xetyka
650 9 _aGospodarka
_yod 1945 r.
650 9 _aZaufanie
020 _a8301124881
040 _cBPK
041 1 _apl
_hen
080 _a338.22:172:330.34:316.32
920 _a83-01-12488-1
942 _cKS
008 s pl f |000 0 pol
999 _c34273
_d34273
856 _uhttp://koha.tu.koszalin.pl/cgi-bin/koha/opac-detail.pl?biblionumber=34273
_yKatalog online BPK